000 00530nam a22001577a 4500
005 20251108165026.0
008 250721s1996 xx 000 0 ara d
082 1 4 _a361/امي
100 1 _aعلي، أميرة منصور يوسف
245 1 0 _aطريقة خدمة الفرد العمليات و المجالات النوعية /
264 1 _aالإسكندرية :
_bدار المعرفة الجامعية،
_c1996.
300 _a275ص
650 1 7 _aالخدمات الإجتماعية
942 _2ddc
_cBK
999 _c20216
_d20216